Kobi TFRS' ye göre dönem sonu işlemleri muhasebesi (Record no. 5257)

MARC details
000 -BAŞLIK
Sabit Uzunlukta Kontrol Alanı 00759na a2200229 4500
001 - KONTROL NUMARASI
Denetim Alanı 21064
003 - KONTROL NUMARASI IDENTIFIER
Denetim Alanı MIRAKIL
005 - SON İŞLEM TARİHİ VE ZAMANI
Denetim Alanı 20181213155031.0
008 - SABİT-BOY VERİ ELEMANLARI - GENEL BİLGİLER
Sabit Uzunlukta Kontrol Alanı 170131b tu 000 0
040 ## - KATALOGLAMA KAYNAK
Orijinal Kataloglama Ajansı Milas
Kataloglama Dili tur
Metne Dönüştürmek Ajansı TR-AnCHP
041 ## - DİL KODU
Metin / Ses Parça Veya Ayrı Başlığın Dil Kodu tur
082 ## - DEWEY ONLU SINIFLANDIRMA NUMARASI
Sınıflandırma Numarası 657
Ürün Numarası K61k 2015
090 ## - SINIFLAMA NUMARASI
Sınıflama Numarası 657 K61k 2015
100 ## - ANA GİRİŞ - KİŞİSEL İSİM
Kişisel Ad Kocamış, Tuğçe Uzun
245 ## - BAŞLIK TABLOSU
Başlık Kobi TFRS' ye göre dönem sonu işlemleri muhasebesi
Başlığın Kalan Kobi TFRS'nin finansal tablolara etkilerinin ölçülmesine yönelik bir araştırma
Sorumluluk Tablosu, Vb Tuğçe Uzun Kocamış
260 ## - YAYIN, DAĞITIM, VB
Yayın, Dağıtım, Vb Yeri Ankara
Yayıncı, Dağıtıcı, Vs Adı Vergi Müfettişleri Derneği
Yayın, Dağıtım, Vb Tarihi 2015
300 ## - FİZİKSEL TANIM
Kapsam 300 s.
Diğer Fiziksel Ayrıntıları tbl.
Boyutlar 23 sm.
504 ## - KAYNAKÇA VB NOT
Kaynakça Vb Notu Kaynakça var.
650 ## - KONU KATMA GİRİŞ - TOPİKAL DÖNEM
Topikal Süreli Veya Coğrafi Ad Giriş Elemanı Küçük işletmeler
Genel Alt Bölümü Muhasebe
710 ## - KATMA GİRİŞ - KURUMSAL ADI
Giriş Elemanı Olarak Kurumsal Ad Veya Yargı Alanı Adı Vergi Müfettişleri Derneği
942 ## - EKLENDİ GİRİŞ ELEMANLARI (KOHA)
Sınıflandırma Veya Raf Düzeni Kaynak
Koha Öğesi Türü Books
999 ## - SİSTEM KONTROL NUMARALARI (KOHA)
Koha Biblionumber 5257
Koha Biblioitemnumber 5257
Holdings
Kalıcı Konum Mevcut Konum Edinme Tarihi Edinim Kaynak Toplam Check-Out'Lar Tam Çağrı Numarası Barkod Tarih Son Görülme İtibaren Geçerli Fiyatlar Koha Öğesi Türü
CHP Kütüphanesi CHP Kütüphanesi 01/31/2017 Bağış   657 K61k 2015 012178 01/31/2017 01/31/2017 Books